[Event "Druzynowe Mistrzostw Polski Juniorow - II Liga"]
[Site "Wroclaw"]
[Date "1899-12-30"]
[Round "6.1"]
[White "Kaliszuk, Kamil"]
[Black "Kolodziejski, Piotr"]
[Result "1-0"]
[WhiteTitle "k"]
[BlackTitle "k"]
[WhiteElo "2088"]
[BlackElo "2107"]

1. e4 c5 2. Nf3 d6 3. d4 cxd4 4. Qxd4 Nc6 5. Qe3 Nf6 6. Be2 Qc7 7. c4 e6 8. Nc3
a6 9. O-O Be7 10. h3 O-O 11. b3 b6 12. Bb2 Qa7 13. a3 Bb7 14. b4 Rac8 15. Nd2
Nd7 16. Rad1 Bf6 17. Nb3 Qb8 18. f4 Rfd8 19. g4 g5 20. f5 h6 21. h4 Nce5 22. fxe6
fxe6 23. Rxf6 Nxf6 24. hxg5 Nfxg4 25. Bxg4 Nxg4 26. Qh3 Kh7 27. Qxg4 Rg8 28. Bc1
Rxc4 29. Qxe6 Qf8 30. Qxc4 Qf3 31. Qd3 Qg4+ 32. Kh2 Rc8 33. Rg1 Qh4+ 34. Qh3 Qxh3+
35. Kxh3 Rxc3+ 36. Rg3 Bc8+ 37. Kh4 hxg5+ 38. Bxg5 Rc4 39. Nd2 Rc1 40. Bf4 Rh1+
41. Kg5 Rh6 42. Rc3 Rg6+ 43. Kh5 Bg4+ 44. Kh4 Be6 45. Rc7+ Kg8 46. Bg5 d5 47.
Rc6 dxe4 48. Nxe4 Bf5 49. Nf6+ Kf8 50. Rxb6 1-0

[Event "Druzynowe Mistrzostw Polski Juniorow - II Liga"]
[Site "Wroclaw"]
[Date "1899-12-30"]
[Round "6.2"]
[White "Kejna, Piotr"]
[Black "Czernecki, Andrzej"]
[Result "1-0"]
[WhiteTitle "CM"]
[BlackTitle "I"]
[WhiteElo "1970"]
[BlackElo "1876"]

1. e4 c5 2. b3 Nc6 3. Bb2 d6 4. Bb5 Bd7 5. Nf3 Nf6 6. Nc3 a6 7. Bxc6 Bxc6 8. d3
g6 9. O-O Bg7 10. Qe2 O-O 11. d4 b5 12. d5 Bb7 13. Rad1 b4 14. Na4 a5 15. Rfe1
Qc7 16. Nd2 Ba6 17. Nc4 Bb5 18. e5 Ne8 19. exd6 exd6 20. Nab6 Bxc4 21. Nxc4 Bxb2
22. Nxb2 Ng7 23. Qe7 Qxe7 24. Rxe7 Nf5 25. Rd7 Rfd8 26. Rxd8+ Rxd8 27. Nc4 Nd4
28. Rd2 Kf8 29. f3 Ke7 30. Kf2 Ra8 31. Nb6 Ra6 32. Na4 Nb5 33. Rd3 Kd7 34. Ke1
Na3 35. c4 bxc3 36. Rxc3 Nb5 37. Rxc5 dxc5 38. Nxc5+ Kd6 39. Nxa6 Nc3 40. b4 a4
41. Kd2 Nxa2 42. Kc2 Kxd5 43. Kb2 Nxb4 44. Nxb4+ Kd4 45. Nc6+ Ke3 46. Ne5 f5 47.
g3 Kf2 48. g4 Ke3 49. h4 Kf4 50. Nxg6+ hxg6 51. g5 Kg3 52. h5 gxh5 53. g6 h4 54.
g7 Kxf3 55. g8=Q f4 56. Qd5+ Kf2 57. Qg5 a3+ 58. Kxa3 h3 59. Qxf4+ 1-0

[Event "Druzynowe Mistrzostw Polski Juniorow - II Liga"]
[Site "Wroclaw"]
[Date "1899-12-30"]
[Round "6.3"]
[White "Wandor, Adam"]
[Black "Komendecki, Antoni"]
[Result "1/2-1/2"]
[WhiteTitle "II"]
[BlackTitle "I++"]
[WhiteElo "1571"]
[BlackElo "1880"]

1. e4 d5 2. exd5 Qxd5 3. Nc3 Qd6 4. Nf3 Nf6 5. Be2 c6 6. O-O Bf5 7. d3 e6 8. Be3
Nbd7 9. Qd2 Qc7 10. Nh4 Bg6 11. f4 Bd6 12. g3 O-O-O 13. Bf3 Bh5 14. Bxh5 Nxh5
15. Ne4 Be7 16. Qe2 Nhf6 17. Nf3 Nd5 18. Kg2 h5 19. Nfg5 Rdf8 20. Bd4 Bf6 21.
Nxf6 gxf6 22. Ne4 Rfg8 23. Qd2 c5 24. Bc3 h4 25. a4 hxg3 26. hxg3 Rg4 27. Rf3
Rhg8 28. Raf1 f5 29. Ng5 Nxf4+ 30. Rxf4 R4xg5 31. R1f3 Qc6 32. Kf2 Nb6 33. Bf6
R5g6 34. Bh4 Qd6 35. a5 Nd5 36. Rc4 f4 37. b4 fxg3+ 38. Kg2 Rg4 39. Rxc5+ Kb8
40. Bf6 Nf4+ 41. Rxf4 Rxf4 42. Be5 Rf2+ 43. Qxf2 gxf2+ 44. Kxf2 Qxe5 1/2-1/2

[Event "Druzynowe Mistrzostw Polski Juniorow - II Liga"]
[Site "Wroclaw"]
[Date "1899-12-30"]
[Round "6.4"]
[White "Karaszewski, Gabriel"]
[Black "Osinski, Maksymilian"]
[Result "1-0"]
[WhiteTitle "II"]
[BlackTitle "II"]
[WhiteElo "1560"]
[BlackElo "1329"]

1. e4 c5 2. Nf3 d6 3. d4 cxd4 4. Nxd4 Nf6 5. f3 Nc6 6. c4 Qb6 7. Nc2 e6 8. Nc3
Be7 9. Be2 O-O 10. f4 Rd8 11. Be3 Qc7 12. O-O d5 13. cxd5 exd5 14. e5 Ne4 15.
Nxd5 Qa5 16. Nxe7+ Nxe7 17. Qe1 Qxe1 18. Rfxe1 Nf5 19. Red1 Be6 20. Rxd8+ Rxd8
21. Bxa7 Rd2 22. Rd1 Rxd1+ 23. Bxd1 Bxa2 24. Bf3 Nd2 25. Bxb7 Bb3 26. Nd4 Nxd4
27. Bxd4 Kf8 28. Kf2 Ke7 29. Ke2 Nc4 30. Kd3 Na5 31. Be4 g6 32. Kc3 Be6 33. b4
Nb3 34. Be3 Na1 35. Kb2 1-0

[Event "Druzynowe Mistrzostw Polski Juniorow - II Liga"]
[Site "Wroclaw"]
[Date "1899-12-30"]
[Round "6.5"]
[White "Kokot, Agnieszka"]
[Black "Szachniewicz, Weronika"]
[Result "0-1"]
[WhiteTitle "I"]
[BlackTitle "I"]
[WhiteElo "1275"]
[BlackElo "1305"]

1. e4 c5 2. Nf3 e6 3. c3 Nc6 4. d4 cxd4 5. Nxd4 Nf6 6. Bg5 Be7 7. Nd2 a6 8. Bd3
O-O 9. N2f3 d5 10. e5 Nd7 11. Bxe7 Qxe7 12. Qe2 f6 13. exf6 Qxf6 14. Nxc6 bxc6
15. O-O e5 16. Nd2 e4 17. Bc2 a5 18. Qe3 Ba6 19. Rfe1 Ne5 20. Bb3 Kh8 21. Qg3
Nd3 22. Reb1 Qxf2+ 23. Qxf2 Rxf2 24. Nf1 Raf8 25. Ne3 Nxb2 26. Ng4 Rd2 27. Re1
h5 28. Ne5 Kh7 29. Re3 a4 30. Bxa4 Nxa4 31. Nxc6 Rxa2 32. Rd1 Rff2 33. Rg3 Nxc3
34. Re1 Rfb2 35. Kh1 Rb1 36. Rxb1 Nxb1 37. Rg5 Nc3 38. h3 e3 39. Rxh5+ Kg6 40.
Re5 e2 41. Nd4 Ra1+ 42. Kh2 e1=Q 0-1

[Event "Druzynowe Mistrzostw Polski Juniorow - II Liga"]
[Site "Wroclaw"]
[Date "1899-12-30"]
[Round "6.6"]
[White "Miklosz, Malgorzata"]
[Black "Kaminska, Zuzanna"]
[Result "1/2-1/2"]
[WhiteTitle "I"]
[BlackTitle "I"]
[WhiteElo "1255"]
[BlackElo "1201"]

1. e4 e5 2. Nf3 Nc6 3. d4 exd4 4. Nxd4 Bc5 5. Nb3 Bb6 6. Nc3 d6 7. Qe2 Nf6 8. Be3
Bxe3 9. Qxe3 Bd7 10. f3 Qe7 11. O-O-O O-O-O 12. g4 h6 13. Bc4 Ne5 14. Be2 g5 15.
h4 gxh4 16. Qf2 Ng6 17. Qxa7 c5 18. Qa5 Nf4 19. Bb5 Ne6 20. e5 dxe5 21. Bxd7+
Nxd7 22. Nb5 Rhg8 23. Nxc5 Qxc5 24. Nd6+ Kb8 25. Qxc5 Ndxc5 26. Nxf7 Rxd1+ 27.
Rxd1 e4 28. fxe4 Nxe4 29. Re1 Rxg4 30. Ne5 Rf4 31. Nd3 Rg4 32. Ne5 Rf4 33. Nd3
Rg4 34. Ne5 Rf4 1/2-1/2

[Event "Druzynowe Mistrzostw Polski Juniorow - II Liga"]
[Site "Wroclaw"]
[Date "1899-12-30"]
[Round "6.7"]
[White "Dziendziel, Mateusz"]
[Black "Grzesik, Gracjan"]
[Result "1-0"]
[WhiteTitle "I"]
[BlackTitle "k"]
[WhiteElo "1884"]
[BlackElo "2218"]

1. e4 c5 2. Nf3 d6 3. d4 cxd4 4. Qxd4 a6 5. c4 Nc6 6. Qe3 g6 7. Be2 Bg7 8. h3 Nf6
9. O-O O-O 10. Nc3 Rb8 11. Rb1 Nd7 12. b3 Nde5 13. Nxe5 dxe5 14. Rd1 Nd4 15. Bb2
e6 16. Bf1 Qb6 17. Rd3 Bd7 18. Ne2 Nxe2+ 19. Qxe2 Bc6 20. Rbd1 f5 21. Rd6 Rbe8
22. Bc3 fxe4 23. Bd2 Qc7 24. Be3 Bd5 25. Rb6 Bc6 26. g3 Rd8 27. Bg2 h5 28. Rxd8
Rxd8 29. c5 Qd7 30. Qc2 Qd1+ 31. Qxd1 Rxd1+ 32. Kh2 Bf6 33. Rb4 a5 34. Rxe4 Bxe4
35. Bxe4 Rd7 36. Bxg6 h4 37. g4 Be7 38. a3 Rc7 39. b4 axb4 40. axb4 Kg7 41. Be4
Kf6 42. Kg2 b6 43. c6 Bxb4 44. Bxb6 Rc8 45. Kf3 Bd6 46. Be3 Bc7 47. g5+ Kg7 48.
Kg4 Rh8 49. Bc5 Kf7 50. f3 Bd8 51. Bf2 Ke7 52. Bxh4 Kd6 53. Be1 Bb6 54. h4 Be3
55. Bb4+ Kc7 56. Be7 Bf4 57. h5 Re8 58. Bf6 Rf8 59. Bg7 Ra8 60. h6 1-0

[Event "Druzynowe Mistrzostw Polski Juniorow - II Liga"]
[Site "Wroclaw"]
[Date "1899-12-30"]
[Round "6.8"]
[White "Bochniak, Franciszek"]
[Black "Herwy, Jakub"]
[Result "1-0"]
[WhiteTitle "I+"]
[BlackTitle "I++"]
[WhiteElo "1664"]
[BlackElo "1905"]

1. e4 c5 2. Nf3 d6 3. g3 Nf6 4. d3 g6 5. Bg2 Bg7 6. O-O O-O 7. Re1 e5 8. c3 Nc6
9. a3 Nh5 10. h3 a5 11. a4 b6 12. Na3 Ba6 13. Nc4 Bxc4 14. dxc4 h6 15. Nh4 Ne7
16. Re3 Qd7 17. Rd3 Rad8 18. Qg4 f5 19. Nxf5 Nxf5 20. Qxg6 Nfxg3 21. fxg3 Qf7
22. Qxf7+ Kxf7 23. Bf3 Nf6 24. Kg2 Ke7 25. Be3 Rh8 26. Rb1 Ra8 27. b4 Rhb8 28.
b5 Rh8 29. g4 Nh7 30. h4 Nf8 31. g5 Ne6 32. g6 Nf4+ 33. Bxf4 exf4 34. e5 Rad8
35. exd6+ Rxd6 36. Re1+ Re6 37. Rxe6+ Kxe6 38. Bg4+ Ke5 39. Kf3 Bf8 40. Rd5+ Kf6
41. h5 Be7 42. Rf5+ 1-0

[Event "Druzynowe Mistrzostw Polski Juniorow - II Liga"]
[Site "Wroclaw"]
[Date "1899-12-30"]
[Round "6.9"]
[White "Lecki, Leonard"]
[Black "Merecki, Antoni"]
[Result "1-0"]
[WhiteTitle "I"]
[BlackTitle "II"]
[WhiteElo "1612"]
[BlackElo "1543"]

1. e4 e6 2. d4 d5 3. Bd3 c5 4. exd5 exd5 5. Nf3 c4 6. Be2 Nf6 7. b3 cxb3 8. axb3
Be7 9. O-O O-O 10. h3 Ne4 11. Bb2 Nc6 12. Nbd2 Bb4 13. Nxe4 dxe4 14. Ne5 Nxe5
15. dxe5 Qe7 16. Bc4 Bc5 17. Qh5 Be6 18. Bxe6 Qxe6 19. Rfe1 e3 20. fxe3 Rfd8 21.
Rad1 Qb6 22. Kf2 Rxd1 23. Qxd1 Rd8 24. Qf3 Rd2+ 25. Re2 Rxe2+ 26. Qxe2 Qh6 27.
Qf3 Qh4+ 28. Ke2 Qe7 29. Bd4 Qc7 30. Kd3 Qd7 31. Kc4 Bf8 32. Qd5 Qc8+ 33. Kd3
b6 34. Kd2 h6 35. Kc1 Ba3+ 36. Kb1 Bf8 37. Kb2 Be7 38. Qc4 Qd7 39. Qa4 Qb7 40.
Qe8+ Bf8 41. e6 fxe6 42. Qxe6+ Kh7 43. e4 b5 44. Qf5+ Kg8 45. Qd5+ Qxd5 46. exd5
a5 47. c4 bxc4 48. bxc4 Bb4 49. Kb3 Kf7 50. Ka4 g5 51. Bb6 Ke7 52. Bxa5 1-0

[Event "Druzynowe Mistrzostw Polski Juniorow - II Liga"]
[Site "Wroclaw"]
[Date "1899-12-30"]
[Round "6.10"]
[White "Sliz, Karol"]
[Black "Radzimski, Antoni"]
[Result "1/2-1/2"]
[WhiteTitle "II+"]
[BlackTitle "I"]
[WhiteElo "1615"]
[BlackElo "1627"]

1. e4 e5 2. Bc4 Nf6 3. d3 Nc6 4. Nc3 Na5 5. Nge2 Nxc4 6. dxc4 d6 7. Qd3 Be7 8.
O-O Be6 9. b3 c6 10. f4 exf4 11. Bxf4 d5 12. cxd5 cxd5 13. exd5 Nxd5 14. Qb5+
Qd7 15. Nxd5 Bxd5 16. Qxd7+ Kxd7 17. Rad1 Bc5+ 18. Kh1 Kc6 19. Nd4+ Bxd4 20. Rxd4
b6 21. c4 Be6 22. Rd6+ Kb7 23. Rfd1 Rhe8 24. h3 Rac8 25. Kh2 Rc5 26. R1d2 h5 27.
Be3 Re5 28. Bd4 Rg5 29. Bf2 Rf5 30. Rc2 Rc8 31. a4 g5 32. h4 1/2-1/2

[Event "Druzynowe Mistrzostw Polski Juniorow - II Liga"]
[Site "Wroclaw"]
[Date "1899-12-30"]
[Round "6.11"]
[White "Obrochta, Lena"]
[Black "Grzesik, Nikola"]
[Result "1/2-1/2"]
[WhiteTitle "I++"]
[BlackTitle "I"]
[WhiteElo "1690"]
[BlackElo "1452"]

1. e4 c5 2. Nf3 Nc6 3. d4 cxd4 4. Nxd4 g6 5. Nc3 Bg7 6. Be3 d6 7. Bc4 Nf6 8. f3
a6 9. Qd2 Na5 10. Bb3 Bd7 11. O-O-O Nxb3+ 12. Nxb3 Qc7 13. Bh6 Bxh6 14. Qxh6 O-O-O
15. Qe3 Kb8 16. Kb1 Bc6 17. g4 h5 18. g5 Nd7 19. Nd4 Nb6 20. Nxc6+ Qxc6 21. Nd5
Nxd5 22. exd5 Qd7 23. Rhe1 Rhe8 24. Qf4 Qf5 25. Qxf5 gxf5 26. Rd4 e5 27. dxe6
Rxe6 28. Red1 Kc7 29. b3 Rg8 30. Rd5 f6 31. Rxf5 Rxg5 32. Rf4 Kc6 33. h4 Rg6 34.
Rd2 Re5 35. c4 b5 36. Rfd4 f5 37. Kc2 Rc5 38. Kd3 bxc4+ 39. bxc4 Re5 40. Rb2 Ra5
41. Ke3 Ra3+ 42. Kf4 Rg8 43. Rbd2 Rd8 44. Rd5 Rc3 45. R2d4 Rc2 46. a4 Rc3 47.
Rxf5 Rh8 48. Kg5 Rc1 49. Rf6 Rg1+ 50. Kf5 Rd8 51. Ke4 Re1+ 52. Kd3 Ra1 53. Rf5
Rxa4 54. Rxh5 Ra3+ 55. Ke2 Rf8 56. f4 Re8+ 57. Kd2 Rb8 58. Rhd5 Rd8 59. Rh5 Rb8
60. Rhd5 1/2-1/2

[Event "Druzynowe Mistrzostw Polski Juniorow - II Liga"]
[Site "Wroclaw"]
[Date "1899-12-30"]
[Round "6.12"]
[White "Sliwicka, Weronika"]
[Black "Salamon, Julia"]
[Result "0-1"]
[WhiteTitle "I"]
[BlackTitle "I++"]
[WhiteElo "1281"]
[BlackElo "1465"]

1. e4 c5 2. Nf3 e6 3. d4 cxd4 4. Nxd4 Nf6 5. Nc3 Nc6 6. Nb3 Bb4 7. Bd3 O-O 8. O-O
Ne5 9. Bg5 Be7 10. f4 Nxd3 11. Qxd3 d5 12. e5 Nd7 13. Bxe7 Qxe7 14. Rf3 b6 15.
Rh3 g6 16. Re1 Nc5 17. Nxc5 Qxc5+ 18. Kh1 a5 19. Ree3 Ba6 20. Qd1 Ra7 21. Ne2
Bxe2 22. Qxe2 Qd4 23. Rb3 Qxf4 24. Rhf3 Qd4 25. Rfd3 Qc4 26. Qf2 Rb7 27. h3 b5
28. Rd4 Qc7 29. Qe2 Qc5 30. Rf4 Rc8 31. Rc3 Qf8 32. Rcf3 Rc4 33. Rf6 Re4 34. Re3
Rxe3 35. Qxe3 Qc8 36. Rf2 Qc7 37. Qg5 Qe7 38. Rf6 Qb4 39. Rf4 Qe7 40. Rf6 Rd7
41. Qd2 Qd8 42. Qd3 Qb8 43. Qd4 Qa7 44. Qd2 Qc7 45. Qe2 Qc4 46. Qxc4 dxc4 47.
Rf2 Rd5 48. Re2 Rd1+ 49. Kh2 Ra1 50. a3 c3 51. b3 Rxa3 52. Kg3 a4 53. bxa4 bxa4
54. Re4 Ra2 55. Rc4 Rxc2 56. Rxa4 Rc1 57. Rc4 c2 58. Kg4 Kg7 59. Kg5 h6+ 60. Kh4
Re1 61. Rxc2 Rxe5 62. Kg4 Kf6 63. Rc8 Rf5 64. Rh8 h5+ 65. Kg3 e5 66. Rb8 Rf4 67.
Re8 Kf5 68. Re7 f6 69. Ra7 h4+ 70. Kh2 Rf1 71. g4+ hxg3+ 72. Kxg3 g5 73. Ra5 Rf4
74. Rb5 Kg6 75. Rb8 Rf5 76. Rb4 Rf4 77. Rb8 Kf5 78. Rb5 Kg6 79. Rb8 Rf5 80. Rb4
Rf4 81. Rb8 0-1

[Event "Druzynowe Mistrzostw Polski Juniorow - II Liga"]
[Site "Wroclaw"]
[Date "1899-12-30"]
[Round "6.13"]
[White "Zarebska, Lena"]
[Black "Haliniak, Wojciech"]
[Result "1/2-1/2"]
[WhiteTitle "k"]
[BlackTitle "I"]
[WhiteElo "1805"]
[BlackElo "1827"]

1. e4 e6 2. d4 d5 3. e5 c5 4. dxc5 Nd7 5. Nf3 Ne7 6. c3 Nc6 7. Bb5 Nxc5 8. O-O
Ne4 9. Be3 Bd7 10. a4 f5 11. exf6 Nxf6 12. Bf4 Be7 13. Re1 O-O 14. h3 Ne4 15.
Bh2 Bc5 16. Re2 Qb6 17. Qe1 e5 18. Bxc6 bxc6 19. Bxe5 Nxf2 20. Rxf2 Rae8 21. Nd4
Rxf2 22. Qxf2 Rxe5 23. a5 Qd8 24. Nd2 Qe7 25. N2f3 Re2 26. Re1 Rxf2 27. Rxe7 Bxe7
28. Kxf2 Bd6 29. Ke3 c5 30. Ne2 Bc7 31. Nf4 Bxa5 32. Nxd5 Bb5 33. Ne5 Bd8 34.
c4 Bg5+ 35. Ke4 Ba4 36. Kf5 Bc1 37. b4 cxb4 38. Nxb4 Kf8 39. Ke6 Bb3 40. Nbc6
a6 41. Kd6 Bf4 42. c5 Ba4 43. Nd4 Ke8 44. Ke6 Be3 45. c6 Kd8 46. Nf5 Bf4 47. Nd4
Kc7 48. Kd5 Bxe5 49. Ne6+ Kc8 50. Kxe5 Bxc6 51. g4 Bg2 52. h4 Bh3 53. g5 Bxe6
54. Kxe6 a5 55. Kf7 a4 56. Kxg7 a3 57. Kxh7 a2 58. g6 a1=Q 59. g7 Qb1+ 60. Kh8
Qb2 1/2-1/2

[Event "Druzynowe Mistrzostw Polski Juniorow - II Liga"]
[Site "Wroclaw"]
[Date "1899-12-30"]
[Round "6.14"]
[White "Smetek, Michal"]
[Black "Sloniewska, Alicja"]
[Result "1/2-1/2"]
[WhiteTitle "I+"]
[BlackTitle "I++"]
[WhiteElo "1735"]
[BlackElo "1735"]

1. d4 d5 2. c4 c6 3. Nf3 Nf6 4. Nc3 dxc4 5. a4 Bf5 6. Ne5 Nbd7 7. Nxc4 Nb6 8. Ne5
a5 9. g3 Nfd7 10. Nf3 e6 11. Bg2 Bb4 12. O-O O-O 13. h3 h6 14. e4 Bh7 15. Qe2
Qe7 16. Rd1 Rad8 17. Bf4 Nf6 18. e5 Nfd5 19. Bd2 Ra8 20. Ne4 Rfd8 21. Rdc1 Bxe4
22. Qxe4 Bxd2 23. Nxd2 Qb4 24. Qd3 Ne7 25. Nb3 Nf5 26. Rd1 Nxa4 27. Qc2 Nb6 28.
Qc3 Nd5 29. Bxd5 Qxc3 30. bxc3 Rxd5 31. g4 Ne7 32. c4 Rd7 33. Rxa5 Rxa5 34. Nxa5
Ng6 35. Rb1 Rxd4 36. Rxb7 Nxe5 37. Rc7 Nxc4 38. Nxc6 Rf4 39. Kg2 g5 1/2-1/2

[Event "Druzynowe Mistrzostw Polski Juniorow - II Liga"]
[Site "Wroclaw"]
[Date "1899-12-30"]
[Round "6.15"]
[White "Sloniewski, Wojciech"]
[Black "Leszczewicz, Karol"]
[Result "0-1"]
[WhiteTitle "II"]
[BlackTitle "I+"]
[WhiteElo "1062"]
[BlackElo "1519"]

1. e4 c5 2. Nc3 d6 3. f4 g6 4. Bb5+ Bd7 5. Bxd7+ Qxd7 6. d3 Bg7 7. Nf3 Nc6 8. O-O
Nf6 9. Qe1 O-O 10. Qh4 Qg4 11. Qxg4 Nxg4 12. f5 Nb4 13. Ne1 Bd4+ 14. Kh1 Nf2+
15. Kg1 Nxe4+ 16. Kh1 Nf2+ 17. Kg1 Nfxd3+ 18. Kh1 Nxe1 19. Bh6 Nexc2 20. Rac1
Bg7 21. Bxg7 Kxg7 22. a3 Ne3 23. Rf3 Nbd5 0-1

[Event "Druzynowe Mistrzostw Polski Juniorow - II Liga"]
[Site "Wroclaw"]
[Date "1899-12-30"]
[Round "6.16"]
[White "Krogulski, Maksymilian"]
[Black "Mieszczankowski, Adam"]
[Result "1-0"]
[WhiteTitle "I"]
[BlackTitle "II"]
[WhiteElo "1584"]
[BlackElo "1044"]

1. e4 c5 2. Nf3 Nc6 3. c3 g6 4. Bd3 Bg7 5. O-O Nf6 6. Bc2 O-O 7. d4 d6 8. Na3 Bg4
9. h3 Bxf3 10. gxf3 Qd7 11. Kg2 Rad8 12. Ba4 Qc7 13. Nb5 Qb8 14. d5 Ne5 15. Bf4
Nh5 16. Bh2 a6 17. Na3 b5 18. Bb3 f5 19. f4 Nd7 20. Qe2 Rde8 21. Rae1 c4 22. Bd1
e6 23. Qd2 Nhf6 24. f3 fxe4 25. fxe4 exd5 26. exd5 Nb6 27. Bf3 Qb7 28. Nc2 Re7
29. Rxe7 Qxe7 30. Re1 Qc7 31. Nb4 a5 32. Nc6 Re8 33. Rxe8+ Nxe8 34. Nxa5 Qa7 35.
Nc6 Qxa2 36. Qe3 Qxb2+ 37. Kg3 Nf6 38. Qxb6 Qxc3 39. Kg2 Qd2+ 40. Qf2 Qxf2+ 41.
Kxf2 Nd7 42. f5 gxf5 43. Bxd6 Kf7 44. Ke2 Bc3 45. Bh5+ Kf6 46. Be7+ Kg7 47. Kd1
Nf6 48. d6 Nd7 49. Be8 Nc5 50. d7 Nxd7 51. Bxd7 f4 52. Nb4 f3 53. Bxb5 f2 54.
Bxc4 Be1 55. Bf1 Kg6 56. Nd3 1-0

[Event "Druzynowe Mistrzostw Polski Juniorow - II Liga"]
[Site "Wroclaw"]
[Date "1899-12-30"]
[Round "6.17"]
[White "Anyz, Monika"]
[Black "Zybrant, Sandra"]
[Result "1/2-1/2"]
[WhiteTitle "I++"]
[BlackTitle "I"]
[WhiteElo "1792"]
[BlackElo "1354"]

1. e4 e5 2. d4 exd4 3. Nf3 Nc6 4. Bc4 Bb4+ 5. c3 dxc3 6. bxc3 Ba5 7. O-O d6 8.
Qb3 Qe7 9. e5 dxe5 10. Ba3 Qf6 11. Re1 Nge7 12. Bxe7 Qxe7 13. Nxe5 Nxe5 14. Qb5+
c6 15. Qxe5 Bd8 16. Nd2 Qxe5 17. Rxe5+ Kd7 18. Bxf7 Bf6 19. Re3 Rf8 20. Bb3 Kc7
21. Ne4 Bd8 22. Rd1 Bf5 23. Nd6 Bg6 24. Ne4 Bxe4 25. Rxe4 Bf6 26. Re3 Rae8 27.
Red3 Rd8 28. Kf1 Rxd3 29. Rxd3 Rd8 30. Ke2 Rxd3 31. Kxd3 Kd6 32. Kc4 b5+ 33. Kb4
a5+ 34. Kxa5 Bxc3+ 35. Ka6 Be5 36. h3 h5 37. Bf7 h4 38. Be8 b4 39. Bf7 1/2-1/2

[Event "Druzynowe Mistrzostw Polski Juniorow - II Liga"]
[Site "Wroclaw"]
[Date "1899-12-30"]
[Round "6.18"]
[White "Czarkowska, Dalia"]
[Black "Zapalowska, Wiktoria"]
[Result "1-0"]
[WhiteTitle "I"]
[BlackTitle "I"]
[WhiteElo "1085"]
[BlackElo "1528"]

1. d4 Nf6 2. Nf3 e6 3. g3 d5 4. Bg2 Be7 5. c4 O-O 6. Qc2 b6 7. O-O Bb7 8. b3 Nbd7
9. Bb2 c5 10. Nbd2 Rc8 11. Rac1 dxc4 12. dxc5 cxb3 13. Nxb3 Nxc5 14. Rfd1 Qe8
15. Bd4 Nxb3 16. Qxb3 Bd5 17. Rxc8 Qxc8 18. Qb2 Qa6 19. e3 Rc8 20. Bf1 Qa4 21.
Qe2 Rc2 22. Nd2 Rxa2 23. Rc1 Rc2 24. Qd1 Ra2 25. Qxa4 Rxa4 26. Rc8+ Bf8 27. Be5
Rb4 28. Bd6 Nd7 29. Bxb4 Nc5 30. Bg2 1-0

[Event "Druzynowe Mistrzostw Polski Juniorow - II Liga"]
[Site "Wroclaw"]
[Date "1899-12-30"]
[Round "6.19"]
[White "Borowik, Wojciech"]
[Black "Demski, Michal"]
[Result "1/2-1/2"]
[WhiteTitle "I++"]
[BlackTitle "I+"]
[WhiteElo "1746"]
[BlackElo "1737"]

1. d4 d5 2. c4 c6 3. Nf3 Nf6 4. e3 e6 5. Bd3 Nbd7 6. b3 Bd6 7. Nbd2 O-O 8. Bb2
Qe7 9. Ne5 Ba3 10. Bxa3 Qxa3 11. O-O dxc4 12. Ndxc4 Qe7 13. Qc2 c5 14. Rac1 h6
15. a4 cxd4 16. exd4 Nd5 17. Be4 N7f6 18. Bf3 Bd7 19. Ne3 Rac8 20. Qb2 Nxe3 21.
fxe3 b5 22. a5 Rxc1 23. Rxc1 Rc8 24. Rxc8+ Bxc8 25. Qc3 Bb7 26. Qc5 Qxc5 27. dxc5
Bxf3 28. gxf3 Nd5 29. e4 Ne7 30. b4 f6 31. Nd3 Nc6 32. Kf2 g5 33. Kg3 Kf7 34.
f4 Kg6 35. h4 gxf4+ 36. Kxf4 e5+ 37. Kg4 h5+ 38. Kf3 f5 39. Ke3 Kf6 40. Kf3 a6
41. Ke3 Ke6 42. Kf3 Kf6 43. Ke3 fxe4 44. Kxe4 Ke6 45. Ne1 Nxb4 46. Nf3 Nc6 47.
Ng5+ Kf6 48. Kd5 Nxa5 49. Ne4+ Ke7 50. Kxe5 Nc6+ 51. Kd5 Nb4+ 52. Kd4 Nc6+ 53.
Kd5 Nb4+ 54. Kd4 Ke6 55. Ng3 Nc6+ 56. Ke4 b4 57. Nxh5 b3 58. Nf4+ 1/2-1/2

[Event "Druzynowe Mistrzostw Polski Juniorow - II Liga"]
[Site "Wroclaw"]
[Date "1899-12-30"]
[Round "6.20"]
[White "Topola, Rafal"]
[Black "Pojawa, Jakub"]
[Result "1-0"]
[WhiteTitle "I"]
[BlackTitle "II"]
[WhiteElo "1999"]
[BlackElo "1369"]

1. e4 e6 2. d4 d5 3. Nc3 Bb4 4. e5 c5 5. Bd2 Nc6 6. Nb5 Bxd2+ 7. Qxd2 Nxd4 8. Nxd4
cxd4 9. Nf3 Ne7 10. Nxd4 Nc6 11. f4 Nxd4 12. Qxd4 Bd7 13. Be2 Qa5+ 14. c3 Qa4
15. Kd2 Qxd4+ 16. cxd4 Rc8 17. Rac1 Ke7 18. b4 Rxc1 19. Rxc1 Rc8 20. Rf1 a6 21.
Rc1 Rxc1 22. Kxc1 b5 23. g4 f6 24. Kd2 g5 25. Ke3 h6 26. Bd3 f5 27. fxg5 hxg5
28. Kf3 Kf7 29. gxf5 exf5 30. Kg3 Kg6 31. h4 Kh6 32. hxg5+ Kxg5 33. Kf3 Be6 34.
Bc2 Bf7 35. a4 Bh5+ 36. Kg3 Bg6 37. axb5 axb5 38. Bd1 Bf7 39. Be2 Be8 40. Bf1
f4+ 41. Kf3 Bh5+ 42. Kf2 Be8 43. Bh3 Bg6 44. Bd7 Bd3 45. Bc6 Bc4 46. Kf3 Kf5 47.
Bd7+ Kg5 48. e6 Kf6 49. Kxf4 Be2 50. Bc8 Bd3 51. e7 Kxe7 52. Ke5 Bc4 53. Be6 Bd3
54. Bxd5 Kd7 55. Bf3 Bc4 56. d5 Kc7 57. Ke6 Kd8 58. Kd6 Bd3 59. Bg4 Bc4 60. Be6
Bb3 61. Kc5 Bc4 62. Bg4 Kc7 63. d6+ Kd8 64. Bf3 Kd7 65. Bb7 Bf1 66. Bc6+ Ke6 67.
Bxb5 Bxb5 68. Kxb5 Kxd6 69. Kb6 Kd7 70. b5 Kc8 71. Ka7 1-0

[Event "Druzynowe Mistrzostw Polski Juniorow - II Liga"]
[Site "Wroclaw"]
[Date "1899-12-30"]
[Round "6.21"]
[White "Bartnik, Michal"]
[Black "Grobelny, Mikolaj"]
[Result "0-1"]
[WhiteTitle "II+"]
[BlackTitle "I"]
[WhiteElo "1591"]
[BlackElo "1504"]

1. e4 c5 2. Nf3 e6 3. d4 cxd4 4. Nxd4 a6 5. c4 Nf6 6. Nc3 Bb4 7. f3 O-O 8. Be2
Nc6 9. Nc2 Bxc3+ 10. bxc3 d5 11. cxd5 exd5 12. exd5 Nxd5 13. c4 Nc3 14. Qxd8 Rxd8
15. Bd2 Nxe2 16. Kxe2 Bf5 17. Ne3 Bd3+ 18. Kf2 Ne5 19. Ba5 Rdc8 20. Rac1 Bxc4
21. Rc2 Bb5 22. Rd2 h6 23. Rhd1 Re8 24. Rd4 Nc6 25. Bb6 Nxd4 26. Rxd4 Re6 27.
Bd8 Rc8 28. Ba5 b6 29. Bd2 a5 30. a3 Rcc6 31. Rg4 Red6 32. Be1 Rd3 33. Nf5 Rc2+
34. Kg3 g6 35. Nxh6+ Kf8 36. Rf4 Be8 37. Bf2 b5 38. Ng4 Rxa3 39. Nf6 Raa2 40.
Ne4 b4 41. Bc5+ Rxc5 42. Nxc5 Rc2 43. Nb7 Ra2 44. Nxa5 Rxa5 45. Rxb4 Ra2 46. Rb7
Kg7 47. Kh3 Bc6 48. Rb1 Bd7+ 49. g4 Ra3 50. Kg3 Bc6 51. Rf1 g5 52. Rf2 Kg6 53.
Rf1 f5 54. gxf5+ Kxf5 55. h3 Re3 56. Rf2 Re1 57. h4 gxh4+ 58. Kxh4 Kf4 59. Kh5
Re6 60. Rg2 Be8+ 0-1

[Event "Druzynowe Mistrzostw Polski Juniorow - II Liga"]
[Site "Wroclaw"]
[Date "1899-12-30"]
[Round "6.22"]
[White "Stogiera, Aleksander"]
[Black "Wawrukiewicz, Szymon"]
[Result "1/2-1/2"]
[WhiteTitle "II"]
[BlackTitle "II"]
[WhiteElo "1092"]
[BlackElo "1307"]

1. e4 d5 2. exd5 Qxd5 3. Nc3 Qd6 4. d4 Nf6 5. Nf3 c6 6. Be3 Bg4 7. Be2 e6 8. O-O
Be7 9. h3 Bf5 10. Qd2 O-O 11. Bf4 Qd8 12. Bd3 Bxd3 13. Qxd3 Nbd7 14. Rfe1 Nb6
15. Bg5 h6 16. Bf4 Nbd5 17. Nxd5 Nxd5 18. Bh2 Qb6 19. c4 Nf6 20. c5 Qd8 21. Rad1
Nd5 22. Qb3 b6 23. Ne5 Rc8 24. Qa4 bxc5 25. Nxc6 Qd7 26. Nxe7+ Qxe7 27. Qc4 Rc6
28. Qxd5 Rfc8 29. Bg3 Qb7 30. Qb3 Qxb3 31. axb3 cxd4 32. Rxd4 Rc2 33. Rd7 Rxb2
34. Rxa7 Rxb3 35. Rea1 Rbc3 36. Rd7 Rc1+ 37. Rxc1 Rxc1+ 38. Kh2 Rc2 39. Rd8+ Kh7
40. Rf8 Kg6 41. f3 Rd2 42. h4 Rd5 43. Rb8 Rd7 44. Rb4 Ra7 45. Rg4+ Kh7 46. Kh3
Rd7 47. Be1 Rd3 48. Rf4 Kg8 49. Bf2 Rd5 50. Rd4 Ra5 51. g4 Ra3 52. Kg2 Ra5 53.
Rc4 Rd5 1/2-1/2

[Event "Druzynowe Mistrzostw Polski Juniorow - II Liga"]
[Site "Wroclaw"]
[Date "1899-12-30"]
[Round "6.23"]
[White "Gladyszewska, Kinga"]
[Black "Krzyzosiak, Anna"]
[Result "1-0"]
[WhiteTitle "I"]
[BlackTitle "I++"]
[WhiteElo "1225"]
[BlackElo "1496"]

1. d4 Nf6 2. c4 g6 3. Nc3 Bg7 4. Nf3 O-O 5. g3 d6 6. Bg2 Nbd7 7. O-O c5 8. d5 Nb6
9. Qd3 e6 10. e4 exd5 11. cxd5 Re8 12. Re1 a6 13. Bf4 Nh5 14. Bd2 Bd7 15. Rab1
Na4 16. Nxa4 Bxa4 17. Bc3 Bb5 18. Qd2 Nf6 19. e5 dxe5 20. Nxe5 Qd6 21. Qf4 Rad8
22. Rbd1 Re7 23. Bf3 h5 24. a4 Be8 25. Kg2 Kh7 26. Ba5 b6 27. Bc3 Bh6 28. Qc4
b5 29. axb5 axb5 30. Qb3 Bg7 31. Nc6 Rxe1 32. Rxe1 Rc8 33. Bxf6 Qxf6 34. Qxb5
Qxb2 35. Qxc5 Bxc6 36. dxc6 Bd4 37. Re2 Qxe2 38. Qxd4 Qe8 39. Qf6 Qe6 1-0